| 000 | 00573nam a2200217Ia 4500 | ||
|---|---|---|---|
| 008 | 200601s9999 xx 000 0 und d | ||
| 020 | _a978-078683865-3 | ||
| 050 | _aFIC R56 | ||
| 050 | _b2005 b.1 | ||
| 100 | _aRiordan, Rick. | ||
| 245 | 0 | _aPercy Jackson and the olympians : | |
| 245 | 4 | _bthe lightning thief / | |
| 245 | 0 | _cRick Riordan. | |
| 260 | _aNew York : | ||
| 260 | _bDisney Hyperion, | ||
| 260 | _c2005 | ||
| 300 | _a377 pages : | ||
| 300 | _c19 cm. | ||
| 440 | _aPercy Jackson and the olympians; book 1 | ||
| 650 | _aMythology, Greek -- Fiction. | ||
| 999 |
_c363161 _d363161 |
||